Statistics for Generator Dash #15

Click here to take the quiz!

General Stats

  • This quiz has been taken 84 times
  • The average score is 8 of 11

Answer Stats

HintAnswer% Correct
Dog's restraint (5)Leash
98%
Nearly (6)Almost
95%
Deadly sin (5)Sloth
89%
Watson's companion (6)Holmes
86%
Monopoly purchase (5)Hotel
85%
Heavy music? (5)Metal
82%
Liquefy (4)Melt
74%
Capital of Oregon (5)Salem
68%
African kingdom (7)Lesotho
62%
Ophelia's love (6)Hamlet
53%
9-Letter WordLOATHSOME
35%

Score Distribution

Percentile by Number Answered

Percent of People with Each Score

Your Score History

You have not taken this quiz